000
00296nam a2200121Ia 4500
008
190216s9999||||xx |||||||||||||| ||und||
100
_a
Barthwal R R
245
0
_a
Industrial Economics
260
_b
New Age International Publishers
_c
2000
300
_a
416p
650
_a
Economics
942
_c
BK
999
_c
10511
_d
10511